00347pab a2200133 454500008004000000100001700040245004500057260000900102300001100111362001100122650003400133650002600167773002000193180718b2002 xxu||||| |||| 00| 0 eng d aSikka, Pawan aTechnology management education in India c2002 ap.6-9. a16 Sep aEngineering education - India aEngineering education aUniversity News